书目信息 |
| 题名: |
一般用途的加工铜及铜合金无缝圆形管材尺寸及允许偏差:GB/T16866-1997
|
|
| 作者: | 国家技术监督局 发布 | |
| 分册: | ||
| 出版信息: | 北京 中国标准出版社 1997.11 |
|
| 页数: | 9页 | |
| 开本: | 16开 | |
| 丛书名: | ||
| 单 册: | ||
| 中图分类: | TU512.1-65 | |
| 科图分类: | ||
| 主题词: | 建筑材料:金属材料 | |
| 电子资源: | ||
| ISBN: | ||
| 000 | 00720nam0 2200193 45 | |
| 001 | 0009261742 | |
| 005 | 20000926172927.1 | |
| 010 | @d10.00元 | |
| 100 | @a20000926d1997 km y0chiy0120 ea | |
| 101 | 0 | @achi |
| 105 | @a z 000yy | |
| 200 | 1 | @a一般用途的加工铜及铜合金无缝圆形管材尺寸及允许偏差:GB/T16866-1997@AYi Ban Yong Tu De Jia Gong Tong Ji Tong He Jin Wu Feng Yuan Xing Guan Cai Chi Cun Ji Yun Xu Pian Cha:GB/T16866-1997@f国家技术监督局发布@FGuo Jia Ji Shu Jian Du Ju Fa Bu |
| 210 | @a北京@c中国标准出版社@d1997.11 | |
| 215 | @a9页@d16开 | |
| 606 | 0 | @a建筑材料:金属材料 |
| 690 | @aTU512.1-65@v3 | |
| 701 | 0 | @a国家技术监督局@4发布 |
| 801 | @aCN@bPftUser@c20000926 | |
| 905 | @b154674-678@dTU512.1-65@eG:347/2@f5 | |
| 一般用途的加工铜及铜合金无缝圆形管材尺寸及允许偏差:GB/T16866-1997/国家技术监督局发布.-北京:中国标准出版社,1997.11 |
| 9页;16开 |
| ISBN :10.00元 |
| ● |
| 相关链接 |
|
|
|
正题名:一般用途的加工铜及铜合金无缝圆形管材尺寸
索取号:TU512.1-65/G:347/2
 
预约/预借
| 序号 | 登录号 | 条形码 | 馆藏地/架位号 | 状态 | 备注 |
| 1 | 154674 | 201546746 | 自科二线404/404自科库 3排1列6层/ [索取号:TU512.1-65/G:347/2] | 在馆 | |
| 2 | 154675 | 201546755 | 自科二线404/404自科库 3排1列6层/ [索取号:TU512.1-65/G:347/2] | 在馆 | |
| 3 | 154676 | 201546764 | 自科二线404/404自科库 3排1列6层/ [索取号:TU512.1-65/G:347/2] | 在馆 | |
| 4 | 154677 | 201546773 | 自科二线404/404自科库 3排1列6层/ [索取号:TU512.1-65/G:347/2] | 在馆 | |
| 5 | 154678 | 201546782 | 自科二线404/404自科库 3排2列2层/ [索取号:TU512.1-65/G:347/2] | 在馆 |